[Event "Olympiad Women 2024"]
[Site "Budapest HUN"]
[Date "2024.09.14"]
[Round "4.14"]
[Board "2"]
[White "Georgescu, Lena"]
[Black "Babic, Milana"]
[Result "1/2-1/2"]
[WhiteElo "2266"]
[BlackElo "2080"]
[PlyCount "65"]
[EventDate "2024.09.11"]
[WhiteTeam "Switzerland"]
[BlackTeam "Bosnia & Herzegovina"]
[WhiteTeamCountry "SUI"]
[BlackTeamCountry "BIH"]

1. e4 e6 2. d4 d5 3. Nc3 dxe4 4. Nxe4 Nd7 5. Nf3 Ngf6 6. Nxf6+ Nxf6 7. Bd3 c5 8. O-O a6 9. Re1 ({RR} 9. b3 cxd4 10. Bb2 Bc5 11. Nxd4 O-O 12. Re1 Qb6 13. Qd2 Bb4 14. c3 Bc5 15. Rad1 Rd8 16. Bb1 Bxd4 17. cxd4 Rd5 18. Ba3 Qd8 19. Qf4 b6 20. Bb2 Bb7 21. Rc1 Rc8 22. h3 Rd7 23. Rxc8 Qxc8 {½-½ Nunn,J (2630)-Ljubojevic,L (2580) Amber-blindfold 04th rapid 1995 (9)}) ({RR} 9. b3 b6 10. Bb2 Bb7 11. Re1 Be7 12. c4 O-O 13. dxc5 bxc5 14. Ne5 Qc7 15. Re3 Rad8 16. Qe2 Rfe8 17. Rh3 h6 18. Qe3 Rd4 19. Rg3 Kf8 20. Rxg7 Kxg7 21. Bxd4 cxd4 22. Qg3+ Ng4 23. Qxg4+ Kf8 {1-0 Pulkkinen,K (2168)-Paakkonen,T (2228) TCh-FIN 2023-24 (8.6)}) 9... Qc7 10. c3 Be7 $146 ({RR} 10... Bd6 11. Bg5 Bd7 12. Ne5 Bxe5 13. dxe5 Nd5 14. Qe2 h6 15. Bd2 O-O-O 16. a4 g5 17. b4 Nf4 18. Bxf4 gxf4 19. a5 Rhg8 20. f3 Rg5 21. b5 c4 22. Bxc4 Qc5+ 23. Kh1 Bxb5 24. Bxb5 Qxb5 25. Qxb5 {0-1 Schermer,M-Mrsic,R (2009) AUT-chT2W 0102 2001 (4.6)}) 11. dxc5 Bxc5 12. Ne5 O-O 13. Qf3 Bd6 14. Bf4 Rb8 15. Rad1 b5 16. Bc2 Bb7 17. Qh3 Rfe8 18. Qh4 Rbd8 19. Rd4 Bd5 20. a3 a5 21. Re3 a4 22. h3 Qb8 23. Qg5 h6 24. Qh4 Kf8 25. Bg3 Qb7 26. Rf4 Be7 27. Ng4 Nxg4 28. Qxg4 Bg5 29. h4 Bxf4 30. Bxf4 Bb3 31. Be4 Bd5 32. Bc2 Bb3 33. Be4 1/2-1/2

[Event "Olympiad Women 2024"]
[Site "Budapest HUN"]
[Date "2024.09.14"]
[Round "4.14"]
[Board "3"]
[White "Jacimovic, Sara"]
[Black "Hryzlova, Sofiia"]
[Result "0-1"]
[WhiteElo "1981"]
[BlackElo "2188"]
[PlyCount "72"]
[EventDate "2024.09.11"]
[WhiteTeam "Bosnia & Herzegovina"]
[BlackTeam "Switzerland"]
[WhiteTeamCountry "BIH"]
[BlackTeamCountry "SUI"]

1. e4 c5 2. Nf3 d6 3. d4 cxd4 4. Nxd4 Nf6 5. Nc3 a6 6. h3 e6 7. g4 d5 8. e5 ({RR} 8. Nde2 Bb4 9. exd5 Qxd5 10. Qxd5 Nxd5 11. Bg2 Nxc3 12. Nxc3 Nc6 13. Bd2 Bd7 14. O-O-O O-O-O 15. a3 Ba5 16. Ne4 Bxd2+ 17. Rxd2 Kc7 18. Nd6 Bc8 19. Rhd1 f6 20. f4 h5 21. gxh5 Rxh5 22. Bxc6 Kxc6 {½-½ Vallejo Pons,F (2703)-Van Wely,L (2653) World op 38th 2010 (4)}) 8... Nfd7 9. Qe2 Qb6 ({RR} 9... Nc6 10. Nxc6 bxc6 11. Bg2 a5 12. O-O Ba6 13. Qe3 Bxf1 14. Bxf1 Qb6 15. Qe2 h5 16. g5 h4 17. g6 fxg6 18. Qg4 O-O-O 19. Be3 Qc7 20. Qxe6 Bb4 21. Na4 Rde8 22. Qg4 Kb8 23. a3 Nxe5 24. Qg2 {1-0 Jakubowska,A (2139)-Schut,H (2077) Titled Tue 18th Jun Early 2024 (8)}) 10. Nb3 Nc6 $146 ({RR} 10... d4 11. Nd1 Bb4+ 12. Bd2 Bxd2+ 13. Nxd2 Qc6 14. Qc4 Nxe5 15. Qxc6+ Nbxc6 16. a3 Bd7 17. Bg2 Na5 18. b4 Bc6 19. Bxc6+ Naxc6 20. Nb2 h5 21. g5 Ne7 22. O-O-O O-O-O 23. Rhe1 Rd5 24. f4 N5g6 25. Re4 {0-1 Hecko,D (2160)-Bury,R (2088) SVK-chT2A 0809 2008 (3.5)}) 11. f4 Be7 12. Be3 Qc7 13. h4 b5 14. Qf2 Bb7 15. Bg2 Rc8 16. O-O O-O 17. a4 b4 18. Ne2 f6 19. Ned4 Nxd4 20. Nxd4 Nc5 21. Qg3 a5 22. b3 Ba6 23. Rfd1 fxe5 24. fxe5 Bf6 25. g5 Bxe5 26. Qg4 Rce8 27. Kh1 Ne4 28. Bxe4 dxe4 29. Rac1 Qc3 30. Qg1 Bf4 31. Re1 e5 32. Nb5 Qc6 33. Qg2 Bxe3 34. Rxe3 Rf4 35. Qh2 Ref8 36. Kg1 Qc5 0-1

[Event "Olympiad Women 2024"]
[Site "Budapest HUN"]
[Date "2024.09.14"]
[Round "4.14"]
[Board "4"]
[White "Manko, Mariia"]
[Black "Mimic, Sofija"]
[Result "1-0"]
[WhiteElo "2159"]
[BlackElo "1809"]
[PlyCount "93"]
[EventDate "2024.09.11"]
[WhiteTeam "Switzerland"]
[BlackTeam "Bosnia & Herzegovina"]
[WhiteTeamCountry "SUI"]
[BlackTeamCountry "BIH"]

1. d4 Nf6 2. c4 g6 3. Nf3 Bg7 4. g3 O-O 5. Bg2 d6 6. Nc3 c6 7. O-O Qa5 8. e4 e5 9. h3 Nbd7 10. d5 cxd5 11. cxd5 Nc5 12. Qc2 Bd7 13. Rb1 Qc7 $146 ({RR} 13... Ncxe4 14. Nxe4 Nxe4 15. Qxe4 Bf5 16. Bd2 Qxa2 17. Qe1 Qxd5 18. Rc1 Bd3 {0-1 Levine,D (2007)-Miller,L (1930) Titled Tue 7th May Early 2024 (4)}) ({RR} 13... Na4 14. Be3 Rfc8 15. Rfc1 b5 16. a3 Rc7 17. Bd2 Rac8 18. Ne1 Nxc3 19. Bxc3 Qb6 20. Nd3 Rc4 21. Re1 Nh5 22. Kh2 f5 23. f3 Bh6 24. Qe2 Rxc3 25. bxc3 Rxc3 26. exf5 Nxg3 27. Qf2 Rxd3 28. Qxb6 {½-½ Khasanov,T-Vasiukov,E (2460) URS-chT Republics 16th Group2 1983 (4)}) 14. Nd2 Rfc8 15. Nb3 Ncxe4 16. Bxe4 Nxe4 17. Qxe4 Bxh3 18. Be3 Bxf1 19. Rxf1 b6 20. Nd2 f5 21. Qh4 Qf7 22. Nf3 Bf6 23. Bg5 Bxg5 24. Nxg5 Qe7 25. Qh6 Qg7 26. Qxg7+ Kxg7 27. Nb5 Rc2 28. Rb1 Rac8 29. Nxd6 Rc1+ 30. Rxc1 Rxc1+ 31. Kg2 h6 32. Ne6+ Kf6 33. Nb5 Ke7 34. Nec7 Kd7 35. d6 Rd1 36. Kf3 Rd2 37. Na6 Kc6 38. a4 Rxb2 39. Ke3 Kd7 40. Nb8+ Kd8 41. Nxa7 Rc2 42. Kd3 Rc5 43. Nac6+ Rxc6 44. Nxc6+ Kd7 45. Nxe5+ Kxd6 46. Nxg6 Kc5 47. Ne7 1-0

[Event "Olympiad Women 2024"]
[Site "Budapest HUN"]
[Date "2024.09.14"]
[Round "4.15"]
[Board "1"]
[White "Brunello, Marina"]
[Black "Stojkovska, Monika"]
[Result "1-0"]
[WhiteElo "2348"]
[BlackElo "2043"]
[PlyCount "91"]
[EventDate "2024.09.11"]
[WhiteTeam "Italy"]
[BlackTeam "North Macedonia"]
[WhiteTeamCountry "ITA"]

1. e4 e6 2. d4 d5 3. Nc3 Nf6 4. e5 Nfd7 5. f4 c5 6. Nf3 Nc6 7. Be3 cxd4 8. Nxd4 Qb6 9. a3 Bc5 10. Ncb5 Nxd4 11. Bxd4 O-O 12. b4 Bxd4 13. Qxd4 f6 14. Qxb6 Nxb6 15. exf6 ({RR} 15. Bd3 fxe5 16. fxe5 a6 17. Nd4 Rf4 18. c3 Bd7 19. g3 Rff8 20. Kd2 Rf2+ 21. Ke3 Raf8 22. Raf1 Ra2 23. Bxh7+ Kxh7 24. Rxf8 Nc4+ 25. Kf4 Rf2+ 26. Nf3 Bc6 27. Kg4 Nxe5+ 28. Nxe5 Rxf8 29. Re1 Bb5 {1-0 Dominguez Perez,L (2748)-Vaibhav,S (2594) CrunchLabs Masters PlayIn 2024 (4)}) 15... Rxf6 16. g3 a6 $146 ({RR} 16... Bd7 17. Nd4 e5 18. fxe5 Re8 19. Bd3 Rxe5+ 20. Kd2 Rf2+ 21. Kc3 Bh3 22. a4 a6 23. a5 Nd7 24. Rhb1 Nf6 25. b5 Ne4+ 26. Kb4 axb5 27. Re1 Bg4 28. Nxb5 Bd7 29. Nd6 Rxh2 30. Nxb7 Re8 31. a6 {1-0 Garcia Pantoja,R (2473)-Marrero Castellanos,R (2344) Chessung Elite 2017 (8.3)}) 17. Nd4 Bd7 18. Kd2 Rc8 19. Re1 Kf8 20. h4 h5 21. Re5 g6 22. Bd3 Ke7 23. Rhe1 Kd6 24. Rg5 Be8 25. Nb3 Nd7 26. a4 Rc7 27. a5 Nb8 28. c3 Nc6 29. Rge5 Re7 30. Bc2 Rf8 31. Rg5 Rf6 32. Nc5 e5 33. Nxb7+ Rxb7 34. fxe5+ Nxe5 35. Rexe5 Bf7 36. Bd3 Ra7 37. Re1 Ra8 38. Rf1 Rxf1 39. Bxf1 Ke7 40. Bd3 Kf6 41. Ke3 Rc8 42. Kd4 Rc6 43. Re5 Be6 44. Re3 Bc8 45. b5 axb5 46. Bxb5 1-0

[Event "Olympiad Women 2024"]
[Site "Budapest HUN"]
[Date "2024.09.14"]
[Round "4.15"]
[Board "2"]
[White "Manova, Ivana"]
[Black "Zimina, Olga"]
[Result "0-1"]
[WhiteElo "2031"]
[BlackElo "2302"]
[PlyCount "74"]
[EventDate "2024.09.11"]
[WhiteTeam "North Macedonia"]
[BlackTeam "Italy"]
[BlackTeamCountry "ITA"]

1. e4 e5 2. Nf3 Nc6 3. Nc3 Nf6 4. d4 exd4 5. Nxd4 Bb4 6. Nxc6 bxc6 7. Bd3 d5 8. exd5 cxd5 9. O-O O-O 10. h3 c6 11. Qf3 Be6 12. Bf4 Bd6 13. Rfe1 Rb8 ({RR} 13... Bxf4 14. Qxf4 Qb8 15. Qxb8 Raxb8 16. Na4 Nd7 17. b3 c5 18. Rad1 Rfc8 19. f4 g6 20. c4 dxc4 21. Bxc4 Bxc4 22. Rxd7 Be6 23. Rxa7 c4 24. Ra5 cxb3 25. axb3 Rc2 26. Nc5 Bxb3 27. Nxb3 Rxb3 28. Rg5 {½-½ Nakamura,H (2777)-So,W (2780) Saint Louis Blitz 2018 (11)}) 14. b3 Rb4 15. Bg5 $146 ({RR} 15. Bxd6 Qxd6 16. a3 Rbb8 17. Bf5 Rfe8 18. Bxe6 Rxe6 19. Rxe6 Qxe6 20. b4 Re8 21. Na4 Qe2 22. Qxe2 Rxe2 23. Rc1 Ne4 24. f3 Nd2 25. Nc5 g6 26. Nd3 Nc4 27. a4 Ne3 28. Ne1 Kg7 29. b5 c5 {0-1 Weber,J (1620)-Reichel,J (1931) GER-ch Net Amateur Gr-A Vor2 blitz 2020 (5)}) ({RR} 15. Bxd6 Qxd6 16. a3 Rf4 17. Qg3 Nh5 18. Qg5 g6 19. Ne2 f6 20. Qh6 Rh4 21. Ng3 Bxh3 22. gxh3 Rxh3 23. Re3 Nf4 24. Nf5 Ne2+ 25. Kf1 Rxh6 26. Nxd6 Rh1+ 27. Kxe2 Rxa1 28. a4 Rh1 29. Re7 Rh5 {1-0 Wyss,J (2291)-Kalyani Sirin (2163) Chess.com Speed Play-In 2024 (9)}) ({RR} 15. Ne2 c5 16. Rad1 Re8 17. Bg5 h6 18. Bf4 Bxf4 19. Nxf4 Qb8 20. c4 dxc4 21. Nxe6 cxd3 22. Nxc5 Rxe1+ 23. Rxe1 d2 24. Rd1 Qd6 25. Nb7 Qe7 26. Na5 Re4 27. Rxd2 Re1+ 28. Kh2 Qc7+ 29. g3 Qxa5 {½-½ Laamim,R (1939)-Huang,Z (1518) World Youth U16 Olympiad 2023 (2.24)}) 15... h6 16. Bd2 Nd7 17. Ne2 Ne5 18. Qe3 Rh4 19. Bc3 Nxd3 20. cxd3 Re8 21. Nd4 Bd7 22. Qf3 Rf4 23. Rxe8+ Bxe8 24. Qe2 c5 25. Nf3 d4 26. Ba5 Qa8 27. Nd2 Bc6 28. Nc4 Bb8 29. f3 Rf6 30. Rf1 Re6 31. Qd1 Rg6 32. Be1 Qb7 33. g4 h5 34. Bd2 hxg4 35. fxg4 Bg2 36. Qe1 Bxh3 37. Qe8+ Kh7 0-1

[Event "Olympiad Women 2024"]
[Site "Budapest HUN"]
[Date "2024.09.14"]
[Round "4.15"]
[Board "3"]
[White "Sedina, Elena"]
[Black "Zhezhovska, Monika"]
[Result "1-0"]
[WhiteElo "2196"]
[BlackElo "2106"]
[PlyCount "37"]
[EventDate "2024.09.11"]
[WhiteTeam "Italy"]
[BlackTeam "North Macedonia"]
[WhiteTeamCountry "ITA"]

1. e4 c5 2. Nf3 Nc6 3. Bb5 g6 4. O-O Bg7 5. d3 e5 6. a3 Nge7 7. b4 cxb4 8. axb4 Nxb4 9. Ba3 Nbc6 10. Bd6 O-O 11. Nc3 Re8 12. Bc4 Nd4 13. Nxd4 $146 ({RR} 13. Nxe5 Ne6 14. Nb5 Bxe5 15. Bxe5 d5 16. exd5 Nxd5 17. Nd6 Nb6 18. Nxe8 Qxe8 19. Re1 Nxc4 20. dxc4 Bd7 21. Qf3 Qe7 22. Qxb7 Rd8 23. Rad1 Qg5 24. Rxd7 Re8 25. Rxf7 Rd8 26. Rg7+ Kh8 27. Rxh7+ Kg8 {1-0 Gabrielian,A (2429)-Kavyev,R (2286) Titled Tue 9th Apr Late 2024 (2)}) 13... exd4 14. Nb5 Nc6 15. Nc7 Re6 16. Bg3 Be5 17. Nxa8 Re8 18. Qf3 Rf8 19. Bd5 1-0

[Event "Olympiad Women 2024"]
[Site "Budapest HUN"]
[Date "2024.09.14"]
[Round "4.15"]
[Board "4"]
[White "Eftovska, Lea"]
[Black "Sala, Giulia"]
[Result "1/2-1/2"]
[WhiteElo "1839"]
[BlackElo "2115"]
[PlyCount "98"]
[EventDate "2024.09.11"]
[WhiteTeam "North Macedonia"]
[BlackTeam "Italy"]
[BlackTeamCountry "ITA"]

1. e4 c5 2. Nc3 a6 3. g3 b5 4. Bg2 Bb7 5. d3 e6 6. f4 Nf6 7. Nf3 d5 8. e5 Ng8 ({RR} 8... Nfd7 9. O-O Be7 10. Ne2 Nc6 11. c3 b4 12. g4 h5 13. gxh5 Rxh5 14. Ng3 Rh8 15. f5 Qb6 16. fxe6 fxe6 17. Ng5 Ncxe5 18. d4 cxd4 19. cxd4 Bf6 20. Kh1 Nf7 21. Nxe6 Qxe6 22. Re1 Nfe5 23. dxe5 {0-1 Gelashvili,T (2560)-Ehlvest,J (2621) Las Vegas National op 2013 (6)}) ({RR} 8... Nfd7 9. d4 Nc6 10. Ne2 g6 11. O-O b4 12. Be3 a5 13. Rf2 h5 14. h3 Ba6 15. c3 Bb5 16. g4 hxg4 17. hxg4 Bh6 18. Qd2 a4 19. f5 Bxe3 20. Qxe3 gxf5 21. gxf5 Bxe2 22. Qxe2 Qb6 23. Ng5 {1-0 Damjanovic,V (2364)-Robledo,C (2206) Titled Tue 10th Sep Early 2024 (1)}) 9. O-O h5 10. Qe1 $146 ({RR} 10. h3 Nh6 11. Ne2 Nf5 12. c3 Nc6 {0-1 Nguyen,A (1589)-Tran,M (2335) VIE-ch U20 Hanoi 2020 (7)}) ({RR} 10. a4 b4 11. Ne2 Nh6 12. b3 Nc6 13. Kh1 Nf5 14. Neg1 Be7 15. Nh3 g6 16. Nf2 Kf8 17. Qd2 Kg7 18. Bb2 Qb6 19. Qe2 a5 20. Bh3 Ncd4 21. Nxd4 cxd4 22. Bxf5 exf5 23. Nh3 Bc8 24. Ng1 h4 {0-1 Schirra,M (1656)-Engel,L (1740) GER-ch U12 Oberhof 2013 (6)}) 10... Nh6 11. Ne2 Be7 12. Bd2 Nc6 13. c3 h4 14. d4 hxg3 15. hxg3 Nf5 16. Qf2 c4 17. g4 Nh4 18. Nxh4 Bxh4 19. Qf3 Qd7 20. f5 O-O-O 21. fxe6 fxe6 22. g5 Ne7 23. Bh3 Kc7 24. Qg4 Nf5 25. Nf4 Bc8 26. Nxe6+ Qxe6 27. Qxf5 Bf2+ 28. Rxf2 Rxh3 29. Qxe6 Bxe6 30. Rh2 Rf8 31. Rxh3 Bxh3 32. Be3 Kd7 33. Kh2 Rf3 34. Re1 Ke6 35. Bc1 Bf5 36. Be3 Be4 37. Re2 Kf5 38. Rf2 Rxf2+ 39. Bxf2 Kxg5 40. Kg3 Kf5 41. Be3 Bc2 42. Bf4 Bd1 43. a3 Bh5 44. Bc1 Bf7 45. Kh4 Ke4 46. Bg5 Be6 47. Be7 Kf5 48. Bd8 g6 49. Be7 Bd7 1/2-1/2

[Event "Olympiad Women 2024"]
[Site "Budapest HUN"]
[Date "2024.09.14"]
[Round "4.16"]
[Board "1"]
[White "Dornbusch, Tatiana"]
[Black "Efroimski, Marsel"]
[Result "1-0"]
[WhiteElo "2212"]
[BlackElo "2408"]
[PlyCount "103"]
[EventDate "2024.09.11"]
[WhiteTeam "Monaco"]
[BlackTeam "Israel"]
[WhiteTeamCountry "MNC"]
[BlackTeamCountry "ISR"]

1. d4 Nf6 2. Nf3 e6 3. g3 b5 4. Bg2 Bb7 5. a4 b4 6. c4 c5 7. O-O cxd4 8. Qxd4 Nc6 9. Qd3 ({RR} 9. Qf4 Ne7 10. Ne5 Bxg2 11. Kxg2 Ng6 12. Nxg6 hxg6 13. Be3 Rh5 14. Nd2 Rf5 15. Qd4 Bc5 16. Qd3 Qc7 17. Bxc5 Rxc5 18. e4 Kf8 19. b3 d5 20. exd5 exd5 21. Rad1 Rd8 22. Qf3 Rd7 23. Rfe1 Qd8 {1-0 Adly,A (2596)-Ivanchuk,V (2678) Djerba Blitz Masters 2021 (8)}) 9... Na5 ({RR} 9... Bc5 10. b3 O-O 11. Bb2 d5 12. cxd5 exd5 13. Nbd2 Rc8 14. Rac1 Bb6 15. Nd4 Ne5 16. Qf5 Re8 17. Nb5 Rxc1 18. Rxc1 Neg4 19. Nd4 g6 20. Qf3 Ne5 21. Qf4 Nh5 22. Qh4 Qxh4 23. gxh4 Nf4 24. Bf1 {0-1 Bilan,D (2303)-Adewumi,T (2351) Titled Tue 26th Mar Late 2024 (11)}) 10. Be3 $146 ({RR} 10. Bg5 h6 11. Bxf6 Qxf6 12. Nbd2 Qxb2 13. Ne4 Bxe4 14. Qxe4 Rc8 15. Rab1 Qf6 16. Ne5 Bd6 17. Nd3 O-O 18. Rfc1 Qe7 19. Qd4 Bc5 20. Nxc5 Rxc5 21. Rxb4 d5 22. Qe3 Nxc4 23. Qd4 Rfc8 24. Rb5 R5c7 {½-½ Stremavicius,P (2209)-Klabis,R (2332) LTU-ch Vilnius 2021 (5)}) ({RR} 10. Nbd2 Be7 11. e4 d6 12. b3 O-O 13. Bb2 Rc8 14. Rac1 Nd7 15. Rfd1 Qc7 16. Qe3 a6 17. Ne1 Bf6 18. Bxf6 Nxf6 19. Nd3 Nc6 20. h3 Rfd8 21. f4 Nd7 22. g4 Qb8 23. g5 Nc5 24. Nf2 e5 {1-0 Ghevondyan,A (1679)-Vifleemskaia,S (2030) Orsha op 2019 (4)}) 10... Be4 11. Qd1 Nxc4 12. Bd4 Be7 13. b3 Na5 14. Nbd2 Bb7 15. Qc2 d5 16. Rac1 h6 17. g4 Nc6 18. Ba1 Qd6 19. h3 e5 20. Rfd1 Qe6 21. Nxe5 Nxe5 22. Qc7 Bd6 23. Qxb7 O-O 24. Nf1 Rfb8 25. Bxd5 Qe8 26. Qxa8 Rxa8 27. Bxa8 Qxa8 28. Rxd6 Qe4 29. Ng3 Qf4 30. Rcd1 Nexg4 31. hxg4 Nxg4 32. Rd8+ Kh7 33. Bd4 h5 34. Rd5 g6 35. Rd8 f6 36. Rd7+ Kh6 37. Kg2 h4 38. Rh1 Kg5 39. Nf1 Qe4+ 40. Kg1 Qxe2 41. Be3+ Nxe3 42. Nxe3 f5 43. Rxa7 Qd3 44. Rh3 Qb1+ 45. Kh2 Qb2 46. Kg2 Qd4 47. Rh7 Qe4+ 48. Kg1 f4 49. R7xh4 Qb1+ 50. Nf1 Kf5 51. Kg2 Qe4+ 52. Rf3 1-0

[Event "Olympiad Women 2024"]
[Site "Budapest HUN"]
[Date "2024.09.14"]
[Round "4.16"]
[Board "2"]
[White "Klinova, Masha"]
[Black "Zvereva, Marija"]
[Result "1-0"]
[WhiteElo "2227"]
[BlackElo "2035"]
[PlyCount "143"]
[EventDate "2024.09.11"]
[WhiteTeam "Israel"]
[BlackTeam "Monaco"]
[WhiteTeamCountry "ISR"]
[BlackTeamCountry "MNC"]

1. e4 c5 2. Nf3 Nc6 3. Bb5 e6 4. O-O Nge7 5. Re1 a6 6. Bf1 g6 7. c3 Bg7 8. d4 cxd4 9. cxd4 d5 10. e5 ({RR} 10. Nc3 dxe4 11. Nxe4 Nd5 12. Bg5 f6 13. Bh4 O-O 14. Nc5 Re8 15. Rc1 g5 16. Bg3 g4 17. Nd2 f5 18. Be5 Nxe5 19. dxe5 b6 20. Ncb3 Bh6 21. Rc6 Bb7 22. Rd6 Qg5 23. Nc4 Bf8 24. Nd4 Rad8 {1-0 Lu,S (2546)-Polgar,J (2685) Wch Rapid Dubai 2014 (11)}) 10... Nf5 ({RR} 10... O-O 11. Nc3 f6 12. exf6 Bxf6 13. Bh6 Re8 14. g4 b5 15. Qd2 Bd7 16. Bh3 Nc8 17. Qf4 Bg7 18. Bxg7 Kxg7 19. g5 Rf8 20. Qg3 Rxf3 21. Qxf3 Qxg5+ 22. Kh1 Nxd4 23. Qd3 Qf4 24. Bg2 Nb6 25. Re4 {1-0 Sun,Y (2102)-Su,Y (1757) Chinese Youth U20 2024 (5.6)}) 11. Nc3 h6 $146 ({RR} 11... O-O 12. b3 b5 13. Bf4 Bd7 14. Qd2 Rc8 15. Ne2 Qa5 16. Qxa5 Nxa5 17. Ng3 Nxg3 18. hxg3 Nc6 19. Bd2 f6 20. a4 Rb8 21. axb5 axb5 22. exf6 Bxf6 23. Be3 Rb7 24. Rec1 e5 25. dxe5 Nxe5 26. Nxe5 {1-0 Gufeld,E-Sofrevski,J Skopje Solidarnost-05 1971 (1)}) ({RR} 11... O-O 12. a3 Nh4 13. Nxh4 Qxh4 14. Be3 b5 15. Rc1 Bd7 16. Qd2 Qe7 17. Bg5 Qe8 18. Bf6 Ne7 19. g4 Rc8 20. Qg5 h6 21. Qh4 g5 22. Qh5 Ng6 23. Ne2 Bxf6 24. exf6 Qd8 25. Qxh6 Qxf6 26. Ng3 {1-0 Chizhikov,V (2273)-Radzhabov,R (2404) RUS-chT rapid 2019 (4.4)}) 12. Ne2 O-O 13. b3 Bd7 14. Ng3 Nh4 15. Nxh4 Qxh4 16. Ne2 Kh7 17. Be3 Rac8 18. Qd2 Qe7 19. a3 Na7 20. a4 Nc6 21. Rec1 f6 22. f4 f5 23. Bf2 Rg8 24. Be1 Bf8 25. Rab1 a5 26. Nc3 Qb4 27. Nb5 Qxd2 28. Bxd2 g5 29. Kf2 Be7 30. g3 gxf4 31. Bxf4 Nb4 32. Nd6 Rc2+ 33. Rxc2 Nxc2 34. Rd1 Bc6 35. Rd2 Nb4 36. Be2 Kg6 37. Ke3 Bg5 38. Bd1 Rb8 39. h4 Be7 40. g4 Bxh4 41. gxf5+ exf5 42. Rh2 Bg5 43. Bh5+ Kh7 44. Bxg5 hxg5 45. Nxf5 Kg8 46. Rg2 Bd7 47. Rxg5+ Kf8 48. Nd6 b5 49. axb5 Bxb5 50. Rf5+ Kg7 51. Rf7+ Kg8 52. Bg6 Be8 53. Bh7+ Kh8 54. Re7 Bh5 55. Bf5 Bd1 56. Ne8 Rxe8 57. Rxe8+ Kg7 58. Ra8 Bxb3 59. Rxa5 Nc6 60. Ra6 Ne7 61. Kf4 Bc4 62. Ra7 Kf8 63. Rc7 Bb5 64. Bd7 Bd3 65. Kg5 Kf7 66. Bg4 Be4 67. Rb7 Kf8 68. Be6 Nc6 69. Kf6 Nd8 70. Rc7 Bf3 71. Bd7 Kg8 72. Rc8 1-0

[Event "Olympiad Women 2024"]
[Site "Budapest HUN"]
[Date "2024.09.14"]
[Round "4.16"]
[Board "3"]
[White "Berezovsky, Fiorina"]
[Black "Levitan, Ronit"]
[Result "1-0"]
[WhiteElo "1976"]
[BlackElo "2137"]
[PlyCount "65"]
[EventDate "2024.09.11"]
[WhiteTeam "Monaco"]
[BlackTeam "Israel"]
[WhiteTeamCountry "MNC"]
[BlackTeamCountry "ISR"]

1. d4 Nf6 2. c4 e6 3. Nc3 d5 4. Nf3 Be7 5. Bf4 O-O 6. e3 b6 7. Bd3 Bb7 8. cxd5 Nxd5 9. Nxd5 Qxd5 10. Bxc7 ({RR} 10. Qc2 h6 11. O-O c5 12. dxc5 Qxc5 13. Qe2 Nc6 14. a3 Bf6 15. Rac1 Qe7 16. Bb1 Rfc8 17. b4 e5 18. Bg3 g6 19. Nd2 Nd8 20. Be4 Rxc1 {½-½ Swapnil,S (2500)-Adly,A (2603) Abu Dhabi op 23rd 2016 (7)}) 10... Qa5+ 11. Ke2 Na6 $146 ({RR} 11... Rc8 12. Bxb8 Raxb8 13. a3 Bf6 14. h3 e5 15. dxe5 Bxe5 16. b4 Qd5 17. Bxh7+ Kxh7 18. Qxd5 Bxd5 19. Nxe5 Bxg2 20. Rhg1 Rc2+ 21. Kd3 Rxf2 22. Rac1 Rd8+ 23. Kc3 Be4 24. Kb3 f6 25. Ng4 Rfd2 26. Rc7 {½-½ Priyanka,N (2292)-Pujari,R (2160) Swiss Queens Wed #33 2024 (1.218)}) 12. Bg3 Nb4 13. Ne5 Nxd3 14. Qxd3 Rac8 15. Rhc1 Rxc1 16. Rxc1 Ba6 17. Nc4 Qxa2 18. Rc2 Rc8 19. b3 Qb1 20. e4 h6 21. Bf4 Bxc4 22. bxc4 b5 23. c5 b4 24. Rc1 Qa2+ 25. Rc2 Qa4 26. Qc4 a5 27. c6 Bf6 28. d5 exd5 29. exd5 Re8+ 30. Be3 Qa1 31. d6 Qe5 32. d7 Qh5+ 33. g4 1-0

[Event "Olympiad Women 2024"]
[Site "Budapest HUN"]
[Date "2024.09.14"]
[Round "4.16"]
[Board "4"]
[White "Kochavi, Dana"]
[Black "Berezovska, Svetlana"]
[Result "1-0"]
[WhiteElo "2009"]
[BlackElo "1869"]
[PlyCount "99"]
[EventDate "2024.09.11"]
[WhiteTeam "Israel"]
[BlackTeam "Monaco"]
[WhiteTeamCountry "ISR"]
[BlackTeamCountry "MNC"]

1. e4 c5 2. Nf3 e6 3. d4 cxd4 4. Nxd4 a6 5. Bd3 Bc5 6. Nb3 Ba7 7. Bf4 d6 ({RR} 7... Ne7 8. Nc3 Nbc6 9. Qd2 O-O 10. Bd6 Bb8 11. Bxb8 Rxb8 12. f4 d5 13. e5 b5 14. O-O-O Bd7 15. Qe3 b4 16. Ne2 a5 17. Kb1 Qc7 18. Qh3 Ng6 19. Nbd4 a4 20. Nxc6 Qxc6 21. Nd4 Qb6 22. Bxg6 {0-1 Karjakin,S (2747)-Vallejo Pons,F (2711) Krasnogorsk Crocus Rapid 2022 (6)}) ({RR} 7... Nc6 8. Bd6 Nge7 9. Nc3 Bb8 10. e5 Nxe5 11. Ne4 O-O 12. f4 Bxd6 13. Nxd6 N5g6 14. Qd2 Qb6 15. Bc4 a5 16. a4 Nd5 17. Nxc8 Raxc8 18. Bxd5 exd5 19. g3 Rc4 20. Kd1 Rfc8 21. Re1 Re4 22. Rxe4 {0-1 Kochavi,D (2121)-Vardi,D (1791) ch-ISR Open 2024 (4.26)}) 8. Qd2 Nc6 ({RR} 8... Nf6 9. Nc3 e5 10. Bg3 Nh5 11. O-O-O Nc6 12. Bc4 Nxg3 13. hxg3 Be6 14. Bxe6 fxe6 15. f3 Bd4 16. Ne2 Bc5 17. Nxc5 dxc5 18. Qxd8+ Rxd8 19. Rxd8+ Kxd8 20. g4 Ke7 21. c3 Kf6 22. Ng3 h6 23. Kd2 {½-½ Asadli,V (2560)-Manafov,V (2430) Baku Open 2024 (4.6)}) 9. Nc3 b5 $146 ({RR} 9... e5 10. Bg5 Nge7 11. O-O-O h6 12. Be3 Bxe3 13. Qxe3 Be6 14. Kb1 O-O 15. g3 a5 16. Bb5 Na7 17. Nc5 Bc8 18. N5a4 Be6 19. Nb6 Rb8 20. f4 Nec6 21. f5 Nd4 22. fxe6 Naxb5 23. Nxb5 Nxb5 24. Nd7 {0-1 Esipenko,A (2723)-Dubov,D (2711) Titled Tuesday intern op 15 Mar Early blitz 2022 (9)}) 10. O-O-O Nge7 11. Kb1 O-O 12. Be2 b4 13. Na4 e5 14. Be3 Bxe3 15. fxe3 f5 16. Bc4+ Kh8 17. Qxd6 fxe4 18. Qxd8 Rxd8 19. Rxd8+ Nxd8 20. Nb6 Rb8 21. Nxc8 Rxc8 22. Bxa6 Rc6 23. Bb5 Rf6 24. Nc5 Rf2 25. Rd1 Nf7 26. Bc4 Nh6 27. g4 Rxh2 28. Nxe4 g6 29. Be6 Re2 30. g5 Nhf5 31. a4 bxa3 32. Nf6 Kg7 33. Rd7 Re1+ 34. Ka2 axb2 35. Kxb2 Kf8 36. Nxh7+ Ke8 37. Nf6+ Kf8 38. e4 Nd4 39. Rd8+ Kg7 40. Re8 Nxe6 41. Rxe7+ Kf8 42. Rxe6 Re3 43. Rxe5 Kf7 44. c4 Rd3 45. Rd5 Rh3 46. c5 Rh8 47. c6 Ke6 48. c7 Rc8 49. Rd7 Ke5 50. Kb3 1-0

[Event "Olympiad Women 2024"]
[Site "Budapest HUN"]
[Date "2024.09.14"]
[Round "4.17"]
[Board "1"]
[White "Arakhamia-Grant, Ketevan"]
[Black "Ouellet, Maili-Jade"]
[Result "1-0"]
[WhiteElo "2263"]
[BlackElo "2318"]
[PlyCount "129"]
[EventDate "2024.09.11"]
[WhiteTeam "Scotland"]
[BlackTeam "Canada"]
[WhiteTeamCountry "SCO"]
[BlackTeamCountry "CAN"]

1. e4 c6 2. d4 d5 3. Nd2 dxe4 4. Nxe4 Nf6 5. Nxf6+ exf6 6. c3 Bd6 7. Bd3 O-O 8. Qc2 Re8+ 9. Ne2 h5 10. Be3 Nd7 11. O-O-O Nf8 12. c4 h4 13. h3 Be6 14. Kb1 Rc8 15. Nc3 Bb4 16. Ne4 Be7 17. g4 b5 18. c5 Bd5 19. Rhe1 $146 ({RR} 19. Rhg1 Ne6 20. f4 b4 21. Qf2 Qa5 22. b3 Rcd8 23. g5 fxg5 24. fxg5 Bxe4 25. Bxe4 g6 26. Bxc6 Rf8 27. d5 Nxc5 28. Qxh4 Kg7 29. Bd4+ {1-0 Sai,K (2404)-Cummings,D (2333) Canadian Open Zonal 2024 (7.7)}) 19... a5 20. f4 Ne6 21. Qd2 b4 22. f5 Nc7 23. Bf4 Bxe4 24. Rxe4 Bf8 25. Rxe8 Qxe8 26. g5 Nd5 27. gxf6 Nxf6 28. Qg2 Nd5 29. Bd2 Ne3 30. Bxe3 Qxe3 31. f6 Rd8 32. Qg4 g6 33. Bxg6 Qg3 34. Bf5+ Qxg4 35. Bxg4 Bh6 36. d5 cxd5 37. c6 Bf4 38. Bd7 Kh7 39. Rxd5 Bc7 40. Rg5 Kh6 41. Rg7 Rf8 42. Kc2 Be5 43. Rg4 Rb8 44. Kb3 Ra8 45. Ka4 Ra7 46. Kb5 Bg3 47. b3 Ra8 48. Kb6 Rb8+ 49. Kxa5 Ra8+ 50. Kb6 Rb8+ 51. Ka7 Kh5 52. Rg7 Rf8 53. Kb6 Rb8+ 54. Kc5 Ra8 55. Bg4+ Kh6 56. Rxf7 Rxa2 57. c7 Kg6 58. Re7 Kxf6 59. Re6+ Kg5 60. Rc6 Bxc7 61. Rxc7 Rc2+ 62. Kd6 Rc3 63. Be6 Rd3+ 64. Ke7 Kh6 65. Rc4 1-0